| 000 | 00529nam a22001937a 4500 | ||
|---|---|---|---|
| 003 | OSt | ||
| 005 | 20180116183045.0 | ||
| 008 | 160718b xxu||||| |||| 00| 0 eng d | ||
| 020 | _a9780256199215 | ||
| 040 | _c0 | ||
| 082 | _a302.350994 IVA 2001 | ||
| 100 | _aIvancevich | ||
| 245 |
_aOrganisational Behaviour and Management _cIvancevich |
||
| 250 | _aFirst Australasian Ed. | ||
| 260 |
_aAustralia _bMcGraw-Hill _c2001 |
||
| 300 |
_a752 p. _bPB |
||
| 440 | _aOrganisational Behaviour and Management | ||
| 942 |
_2ddc _cBK |
||
| 999 |
_c351402 _d351402 |
||